| 000 -ლიდერი |
| ფიქსირებული სიგრძის საკონტროლო ველი |
01106nam a2200217Ia 4500 |
| 001 - საკონტროლო ნომერი |
| საკონტროლო ველი |
4168 |
| 003 - საკონტროლო ნომრის იდენტიფიკატორი |
| საკონტროლო ველი |
GE_BSU |
| 005 - ბოლო ოპერაციის თარიღი და დრო |
| საკონტროლო ველი |
20190930150129.0 |
| 008 - ფიქსირებული სიგრძის მონაცემთა ელემენტები - ზოგადი ინფორმაცია |
| ფიქსირებული სიგრძის საკონტროლო ველი |
181216s1990||||ge |||||||||||||| ||geo|| |
| 040 ## - კატალოგიზაციის წყარო |
| Transcribing agency |
GE_BSU |
| 041 ## - ენის კოდი |
| Language code of text/sound track or separate title |
geo |
| 080 ## - უნივერსალური ათობითი კლასიფიკაციის ინდექსი |
| Universal Decimal Classification number |
316+314 ს–74 |
| 245 ## - ცნობა სათაურის შესახებ |
| Title |
სოციოლოგიისა და დემოგრაფიის პრობლემები : |
| Remainder of title |
კრ. 3. |
| Statement of responsibility, etc |
სარედ. კოლეგია: ლ. ჩიქავა, ა. სულაბერიძე, იზ. აბაშიძე. |
| 264 ## - წარმოების, გამოცემის, დისტრიბუციის და სხვა ცნობები |
| გამოცემის, წარმოების, დისტრიბუციის... ადგილი |
თბ.: |
| გამოცემის, წარმოების, დისტრიბუციის... სახელწოდება |
მეცნიერება, |
| გამოცემის, წარმოების, დისტრიბუციის... თარიღი |
1990. |
| 300 ## - ფიზიკური აღწერა |
| Extent |
176 გვ. ; |
| Other physical details |
21 სმ. |
| 653 ## - INDEX TERM--UNCONTROLLED |
| Uncontrolled term |
სოციოლოგიისა და დემოგრაფიის პრობლემები. III. |
| 700 ## - ADDED ENTRY--PERSONAL NAME |
| Personal name |
ჩიქავა, ლ. |
| Relator term |
რედაქტორი |
| 9 (RLIN) |
4391 |
| 700 ## - ADDED ENTRY--PERSONAL NAME |
| Personal name |
სულაბერიძე, ა. |
| Relator term |
რედაქტორი |
| 9 (RLIN) |
4392 |
| 710 ## - ADDED ENTRY--CORPORATE NAME |
| Corporate name or jurisdiction name as entry element |
საქ. სსრ მეცნ. აკად., ეკონომიკისა და სამართლის ინ-ტი. |
| 9 (RLIN) |
4393 |
| 942 ## - ADDED ENTRY ELEMENTS (KOHA) |
| Koha item type |
წიგნი |
| Source of classification or shelving scheme |
|